000 00391nam a22001697a 4500
005 20160616142112.0
008 160616b xxu||||| |||| 00| 0 eng d
020 _a81-203-2644-4
041 _aeng
082 _b8004
100 _aMukhpadhyay, S.K.
_92127
245 _aProduction Planning and Control
260 _bPHI
_c2004
300 _a300
650 _aManagement
_9241
942 _cBK
999 _c2973
_d2972